000 00585nam a2200181 a 4500
001 000048164
005 20250228152923.0
008 181204s2014 dr c r 000 0 spa d
020 _a9789945080919
040 _aDO-SdBNP
_bspa
_cBNPHU
082 _axxxx
_bC352O
100 1 _aCastillo, Efraím,
_d1940-
_928022
245 1 0 _aOviedo :
_bel esplendor del mural /
_cEfraim Castillo.
260 _aSanto Domingo :
_bCorripio,
_c2014.
300 _a173 p. :
_bretrs. ;
_c24 cm.
504 _aIncluye referencias biliográficas y notas al pie de las páginas
590 _aInventariado, 2019/BT
999 _c47652
_d47652